000 00430nmm a2200145Ia 4500
008 251105s9999||||xx |||||||||||||||||und||
041 _aspa
100 _aRubio, José M.
245 0 _aLa travesía del hechicero
264 _a[Madrid, España] :
_bEditorial Club Universitario: ECU,
_c2017
300 _a270 páginas
650 _aSpanish narrative
856 _uhttps://public.digitaliapublishing.com/a/171555
942 _cCF
999 _c106362
_d106362